Diabetes, metabolic syndrome and obesity targets and therapy.

Detalles Bibliográficos
Formato: Electrónico Revista
Lenguaje:inglés
Publicado: [Auckland, N.Z.] : Dove Medical Press, ©2008-
Materias:
Acceso en línea:Full text available from Research Library: 01/01/2008 to present

MARC

LEADER 00000nas a2200000 a 4500
001 ssj0000070422
003 WaSeSS
005 20200512172242.0
006 m d
007 cr n
008 090423c20089999nz x p s 0 a0eng c
010 |a  2010243260 
016 7 |a 101515585  |2 DNLM 
022 |a 1178-7007  |l 1178-7007 
035 |a (WaSeSS)ssj0000070422 
040 |a NZ1  |b eng  |c NZ1  |d OCLCQ  |d NLM  |d OCLCQ  |d PFM  |d OCLCF  |d OCLCO  |d CUS  |d OCLCO  |d EUW  |d OCLCO  |d OCLCQ  |d OCLCO  |d OCLCQ  |d OCLCA  |d OCLCO  |d OCLCA  |d APAHS  |d LND  |d OCLCQ  |d OCLCA  |d WaSeSS 
042 |a pcc 
050 1 4 |a RC660.A1 
060 1 0 |a W1 
082 0 4 |a 616.462005  |2 22 
210 1 0 |a Diabetes Metab Syndr Obes  |2 dnlm 
210 1 |a Diabetes metab. syndr. obes. 
222 0 |a Diabetes, metabolic syndrome and obesity 
245 0 0 |a Diabetes, metabolic syndrome and obesity  |h [electronic resource] :  |b targets and therapy. 
260 |a [Auckland, N.Z.] :  |b Dove Medical Press,  |c ©2008- 
310 |a Irregular 
362 1 |a Began with v. 1 (2008). 
506 |a License restrictions may limit access. 
515 |a Articles added irregularly during the year and collected into annual issues. 
588 |a Description based on first issue; title from journal home page (viewed Apr. 27, 2009). 
588 |a Latest issue consulted: Vol. 4 (2011) (viewed June 27, 2011). 
650 0 |a Diabetes  |v Periodicals. 
650 0 |a Obesity  |v Periodicals. 
650 0 |a Metabolic syndrome  |v Periodicals. 
650 7 |a Diabetes.  |2 fast  |0 (OCoLC)fst00892147 
650 7 |a Metabolic syndrome.  |2 fast  |0 (OCoLC)fst01738050 
650 7 |a Obesity.  |2 fast  |0 (OCoLC)fst01042738 
650 1 2 |a Diabetes Mellitus. 
650 2 2 |a Metabolic Diseases. 
650 2 2 |a Obesity. 
655 0 |a Electronic journals. 
856 4 0 |z Full text available from Research Library: 01/01/2008 to present  |u https://search.proquest.com/publication/3933170